[Event "5th Montenegro Open"]
[Site "Sozina SCG"]
[Date "2004.02.18"]
[Round "1"]
[White "Kolbert,E"]
[Black "Milanovic,Da"]
[Result "0-1"]
[WhiteElo "2153"]
[BlackElo "2443"]

1.e4 c5 2.c3 Nf6 3.e5 Nd5 4.d4 cxd4 5.Nf3 e6 6.cxd4 d6 7.Bd3 Bd7 8.O-O Bc6
9.a3 Nd7 10.b4 a6 11.Re1 Be7 12.Nbd2 dxe5 13.dxe5 Nc3 14.Qc2 Rc8 15.Qxc3 Bxf3
16.Qd4 Bd5 17.Bb2 O-O 18.Qe3 a5 19.b5 Nc5 20.Bc2 a4 21.Bd4 Qd7 22.Bxc5 Rxc5
23.Qd3 g6 24.Bxa4 Qc7 25.Qd4 Rd8 26.Qf4 Rc3 27.h4 Bxa3 28.Ne4 Bxe4 29.Rxe4 Bc1
30.Qf6 Bh6 31.Rae1 Rc1 32.Rxc1 Qxc1+ 33.Kh2 Qc7 34.h5 Bg7 35.Qg5 Rd4 36.Rxd4 Bxe5+
37.g3 Bxd4 38.hxg6 hxg6 39.Qd2 Qc4 40.Bc2 b6 41.Bd3 Qc5 42.Kg2 Qd5+ 43.f3 Bc5
44.Qe2 Qd4 45.Qf1 g5 46.Kh3 Kg7 47.Kg2 f5 48.Kh3 Kf6 49.g4 Bd6 50.Qe2 Qg1
51.Qg2 fxg4+ 52.fxg4 Qe3+  0-1

[Event "FSGM February"]
[Site "Budapest HUN"]
[Date "2004.02.19"]
[Round "13"]
[White "Vajda,L"]
[Black "Wittmann,W"]
[Result "1-0"]
[WhiteElo "2482"]
[BlackElo "2326"]

1.e4 c5 2.c3 Nf6 3.e5 Nd5 4.d4 cxd4 5.Nf3 e6 6.cxd4 d6 7.Bc4 Nb6 8.Bd3 Nc6
9.a3 dxe5 10.dxe5 Nd7 11.Bf4 Nc5 12.Bc2 Qxd1+ 13.Kxd1 a5 14.Nc3 Be7 15.Ke2 b6
16.Rhd1 O-O 17.Ne4 Ba6+ 18.Ke1 Rfd8 19.Nxc5 Bxc5 20.Be4 Bb7 21.Bg5 Rxd1+
22.Rxd1 Rc8 23.Be3 Bxe3 24.fxe3 Kf8 25.Ng5 Rc7 26.Nxh7+ Ke7 27.Rc1 f6 28.g4 Rc8
29.exf6+ gxf6 30.Bxc6 Rxc6 31.Rxc6 Bxc6 32.g5 f5 33.h4 Kf7 34.h5 Kg7 35.Nf6 e5
36.e4 fxe4 37.h6+ Kg6 38.h7 Kg7 39.g6 Bb5 40.Ng4 e3 41.Nxe5  1-0

[Event "5th Montenegro Open"]
[Site "Sozina SCG"]
[Date "2004.02.19"]
[Round "2"]
[White "Miljanic,B"]
[Black "Ivanisevic,I"]
[Result "0-1"]
[WhiteElo "2437"]
[BlackElo "2542"]

1.e4 c5 2.c3 Nf6 3.e5 Nd5 4.d4 cxd4 5.cxd4 d6 6.Bc4 e6 7.Nf3 Nb6 8.Bd3 dxe5
9.dxe5 Na6 10.O-O Nc5 11.Be2 Bd7 12.Nc3 Be7 13.Qd4 O-O 14.Rd1 Qe8 15.Qg4 Kh8
16.Bg5 f6 17.Bh4 Qg6 18.Qh3 Rae8 19.b4 Nd5 20.bxc5 Nxc3 21.Rxd7 Nxe2+ 22.Kf1 Nf4
23.Qg3 Qe4 24.Re1 Qc4+ 25.Kg1 Ne2+ 26.Rxe2 Qxe2 27.exf6 gxf6 28.h3 Qe4 29.Qc7 Rc8
30.Qg3 Rg8 31.Bg5 fxg5 32.Rxe7 Rxc5 33.Rf7 g4 34.Qh4 Rc1+ 35.Kh2 g3+ 36.fxg3 Qxh4
37.gxh4 h6 38.g4 Rc2+ 39.Kg3 Rxa2 40.Rxb7 Rg7 41.Rb8+ Kh7 42.g5 Ra3 43.Kg2 Rc7
44.Rb2 Rcc3 45.Ne5 hxg5 46.hxg5 Rg3+ 47.Kf2 Rxg5 48.Rb7+ Rg7 49.Nf7 a5 50.h4 Kg6
51.Ne5+ Kf6 52.Nd7+ Kf5 53.Rb5+ Kf4 54.Nc5 Ra2+ 55.Kf1 Kg4 56.h5 Rf7+ 57.Kg1 Rf5
58.h6 Rd5  0-1

[Event "5th Montenegro Open"]
[Site "Sozina SCG"]
[Date "2004.02.20"]
[Round "3"]
[White "Kalezic,B"]
[Black "Lupulescu,C"]
[Result "0-1"]
[WhiteElo "2442"]
[BlackElo "2543"]

1.e4 c5 2.c3 Nf6 3.e5 Nd5 4.d4 cxd4 5.Nf3 e6 6.cxd4 d6 7.Bc4 Nc6 8.exd6 Qxd6
9.O-O Be7 10.Nc3 O-O 11.Bb3 Rd8 12.Qe2 Qb4 13.Bd2 Qb6 14.Rad1 Nxc3 15.Bxc3 Bf6
16.Qe4 Ne7 17.Rfe1 Bd7 18.Ne5 Bc6 19.Nxc6 bxc6 20.Rd3 Qb5 21.Rh3 Qf5 22.Qe2 Ng6
23.Rf3 Qb5 24.Bc4 Qb7 25.Qe4 Rd6 26.Rd3 Rad8 27.Red1 Ne7 28.g4 Nd5 29.f4 g6
30.f5 exf5 31.gxf5 Qd7 32.fxg6 hxg6 33.Qf3 Re8 34.Rf1 Bg7 35.Qg3 Re4 36.h3 Rf6
37.Rxf6 Bxf6 38.Bxd5 Qxd5 39.Qf2 Bg7 40.Qf3 f5 41.a3 Kh7 42.Kg2 Qe6 43.Kf2 Qc4
44.Kg2 Bxd4 45.b3 Qc5 46.Bxd4 Rxd4 47.Rxd4 Qxd4 48.Qxc6 Qb2+ 49.Kg1 Qxb3
50.Qc7+ Kh6 51.Qxa7 Qg3+ 52.Kf1 Kg5 53.a4 Qd3+ 54.Kg1 Kh4 55.a5 Qd1+ 56.Kf2 Qd2+
57.Kf1 Qd1+ 58.Kf2 f4 59.Qb6 Qd2+ 60.Kf1 Qd3+ 61.Kf2 Qc2+ 62.Kf1 Kg3 63.Qb7 Qd1+  0-1

[Event "48th ch-BLR w"]
[Site "Minsk BLR"]
[Date "2004.02.21"]
[Round "2"]
[White "Polivoda,N"]
[Black "Sharevich,A"]
[Result "1-0"]
[WhiteElo "2187"]
[BlackElo "2236"]

1.e4 c5 2.c3 Nf6 3.e5 Nd5 4.Bc4 Nb6 5.Bb3 c4 6.Bc2 Nc6 7.Nf3 Qc7 8.Qe2 g5
9.h3 Bg7 10.O-O Nxe5 11.Nxg5 h6 12.Nf3 d5 13.Na3 Bd7 14.Nd4 a6 15.f4 Nc6
16.Nxc6 Bxc6 17.d4 Nd7 18.Nb1 b5 19.Nd2 Nf6 20.Re1 Qd6 21.b3 e6 22.f5 Kd7
23.fxe6+ fxe6 24.Ba3 Qxa3 25.Qxe6+ Kc7 26.Qe7+ Qxe7 27.Rxe7+ Nd7 28.Rxg7 Rae8
29.Kf2 Kb6 30.bxc4 bxc4 31.Rb1+ Kc7 32.Nf3 Rhf8 33.Rh7 Rf6 34.h4 Kd6 35.h5 Nf8
36.Ra7 Rfe6 37.Bd1 Nd7 38.Rxa6 Nb8 39.Ra3 Nd7 40.Rb2 Re4 41.Re2 Rf8 42.Bc2 Rg4
43.Ra6 Nb8 44.Ra7 Nd7 45.Ba4 Bxa4 46.Rxa4 Rf6 47.Ra6+ Kc7 48.Ree6 Rgf4 49.Ke3 R4f5
50.Rac6+ Kd8 51.a4 Rxe6+ 52.Rxe6 Rxh5 53.Ne5 Nxe5 54.Rxe5 Rh2 55.Rxd5+ Kc7
56.Kf3 Kb6 57.Rc5 Rh1 58.Rxc4 Rd1 59.Rc5 Rd3+ 60.Kg4 Rd2 61.g3 Rd3 62.Kf4 Ka6
63.a5 Kb7 64.d5 Ka6 65.c4 Rd4+ 66.Ke5 Rg4 67.d6 Rg5+ 68.Kd4 Rg4+ 69.Kd5 Rxg3
70.d7 Kb7 71.a6+  1-0

[Event "Premier"]
[Site "Portsmouth ENG"]
[Date "2004.02.21"]
[Round "4"]
[White "Cooper,L"]
[Black "Hunt,H"]
[Result "0-1"]
[WhiteElo "2311"]
[BlackElo "2392"]

1.e4 c5 2.c3 Nf6 3.e5 Nd5 4.g3 d6 5.exd6 e6 6.Bg2 Bxd6 7.Nf3 O-O 8.d4 Nc6
9.O-O Qc7 10.dxc5 Bxc5 11.Nbd2 Rd8 12.Qe2 Be7 13.Re1 Bd7 14.Nb3 a5 15.Nbd4 a4
16.Nxc6 Bxc6 17.Ne5 Be8 18.c4 Nb4 19.Bf4 Qb6 20.b3 axb3 21.axb3 Rxa1 22.Rxa1 Bc5
23.Ng4 Nc6 24.Bxc6 Bxc6 25.Bg5 Rc8 26.Be3 Be8 27.Bxc5 Qxc5 28.Qe5 Qb4 29.Qe3 h5
30.Ne5 Rd8 31.h4 f6 32.Nf3 e5 33.Ne1 Bc6 34.Nc2 Qd6 35.b4 Be8 36.Qc3 Bg6
37.Ne3 Qd4 38.Rc1 Be4 39.Qb3 Ra8 40.c5+ Kh7 41.Rd1 Ra1 42.Rxa1 Qxa1+ 43.Qd1 Qxd1+
44.Nxd1 Kg6 45.Nc3 Bf3 46.Kf1 Kf5 47.Ke1 g5 48.Kd2 gxh4 49.gxh4 Kg4 50.Ke3 f5
51.Nb5 Bg2 52.Nd6 f4+ 53.Ke2 Bf3+ 54.Kf1 Kxh4 55.Nf7 e4 56.Ne5 Bd1 57.b5 Ba4
58.b6 Bb5+ 59.Kg2 Ba6  0-1

[Event "1st Balagne Open"]
[Site "Calvi FRA"]
[Date "2004.02.22"]
[Round "3"]
[White "Karpatchev,A"]
[Black "Delabaca,R"]
[Result "1-0"]
[WhiteElo "2461"]
[BlackElo "2188"]

1.e4 c5 2.c3 Nf6 3.e5 Nd5 4.Nf3 Nc6 5.Bc4 Nb6 6.Bb3 d5 7.exd6 Qxd6 8.O-O Be6
9.Na3 Bxb3 10.axb3 e6 11.d4 cxd4 12.Nb5 Qb8 13.g3 a6 14.Bf4 e5 15.Nxe5 axb5
16.Nxc6  1-0

[Event "VII Malaga Open"]
[Site "Campillos ESP"]
[Date "2004.02.22"]
[Round "3"]
[White "Khamrakulov,I"]
[Black "Teran Alvarez,I"]
[Result "1-0"]
[WhiteElo "2452"]
[BlackElo "2382"]

1.e4 c5 2.c3 Nf6 3.e5 Nd5 4.Nf3 Nc6 5.d4 cxd4 6.cxd4 d6 7.Bc4 Nb6 8.Bb3 d5
9.h3 Bf5 10.Nc3 e6 11.O-O Be7 12.Bc2 Bg6 13.a3 O-O 14.Ne2 Bxc2 15.Qxc2 Rc8
16.Qd3 f6 17.exf6 Bxf6 18.Re1 e5 19.dxe5 Nxe5 20.Nxe5 Bxe5 21.Rb1 d4 22.Bd2 Qd5
23.Rbc1 Nc4 24.Rc2 Qf7 25.f4 Rc6 26.Bb4 Rd8 27.b3 a5 28.bxc4  1-0

[Event "ch-CZE w"]
[Site "Karlovy Vary CZE"]
[Date "2004.02.22"]
[Round "2"]
[White "Kisova,P"]
[Black "Hitzgerova,G"]
[Result "1/2-1/2"]
[WhiteElo "2110"]
[BlackElo "2190"]

1.e4 c5 2.c3 Nf6 3.e5 Nd5 4.d4 cxd4 5.Nf3 Nc6 6.Bc4 e6 7.O-O dxc3 8.Bxd5 cxb2
9.Bxb2 exd5 10.Qxd5 Qa5 11.Nc3 Be7 12.Nb5 O-O 13.Rfd1 Rd8 14.Qc4 Qb4 15.Qe2 Qg4
16.Nd6 Qe6 17.Rd2 b6 18.Bc3 Rb8 19.Qe3 h6 20.Qe2 Bb7 21.Rad1 Ba8 22.h3 Qg6
23.Rd3 b5 24.Ne1 b4 25.Rg3 Qe6 26.Bb2 Bf8 27.f4 f5 28.Nf3 Be7 29.Kh1 Kh7
30.Qd3 g6 31.Nd2 a5 32.Nb3 Bh4 33.Nc5 Qxa2 34.Rxg6 Ne7 35.Nxf5 Nxg6 36.Nxh4 Rb6
37.Rd2 Qg8 38.Nxd7 Re6 39.f5 Nf4 40.Qc2 Rc6 41.Nf6+ Rxf6 42.exf6 Rxd2 43.Qxd2 Nd5
44.Ng6 Qf7 45.Bc1 Qxf6 46.Qxh6+ Kg8 47.Kh2 a4 48.Bg5 Qg7 49.Qh4 a3 50.Bd2 a2
51.Qd8+ Kh7 52.Qh4+ Kg8 53.Qd8+  1/2-1/2

[Event "53rd ch-BUL w"]
[Site "Sofia BUL"]
[Date "2004.02.22"]
[Round "6"]
[White "Jordanova Besheva,S"]
[Black "Doncheva,M"]
[Result "1-0"]
[WhiteElo "2165"]
[BlackElo "2065"]

1.e4 c5 2.c3 Nf6 3.e5 Nd5 4.d4 cxd4 5.Nf3 Nc6 6.Bc4 Nb6 7.Bb3 e6 8.cxd4 d6
9.O-O Be7 10.Nc3 Nd7 11.exd6 Bxd6 12.d5 exd5 13.Qxd5 Nde5 14.Nxe5 Nxe5 15.Ba4+ Ke7
16.Re1 Be6 17.Qxb7+ Qc7 18.Qxc7+ Bxc7 19.Nb5 Bb8 20.Bc2 a5 21.f4 Ng4 22.h3 Nh6
23.f5 Bg3 24.Re2 Rac8 25.fxe6 fxe6 26.Bg5+ Kd7 27.Rd1+ Kc6 28.Na7+  1-0

[Event "5th Montenegro Open"]
[Site "Sozina SCG"]
[Date "2004.02.24"]
[Round "7"]
[White "Cvorovic,M"]
[Black "Jianu,V"]
[Result "0-1"]
[WhiteElo "2218"]
[BlackElo "2412"]

1.e4 c5 2.c3 Nf6 3.e5 Nd5 4.d4 cxd4 5.Qxd4 e6 6.Nf3 d6 7.Nbd2 Qb6 8.Nc4 Qxd4
9.Nxd4 dxe5 10.Nxe5 Bc5 11.Bb5+ Ke7 12.Nef3 Bd7 13.Bc4 Nb6 14.Be2 Nc6 15.Be3 Nxd4
16.Bxd4 Bxd4 17.Nxd4 Na4 18.O-O-O Rac8 19.Rhe1 Rc5 20.Nb3 Rc7 21.Rxd7+ Rxd7
22.Bb5 Rd5 23.c4 Rc8 24.Kb1 Rh5 25.g4 Rg5 26.h4 Rxg4 27.Bxa4 Rgxc4 28.Bb5 Rxh4
29.Bd3 Rh2 30.f3 h5 31.Be4 Rc7 32.a4 h4 33.Ka2 h3 34.Ka3 Rg2 35.f4 Rg4 36.f5 h2
37.Nd2 Rg1 38.Nf3 Rxe1 39.Nxe1 exf5  0-1

[Event "5th Montenegro Open"]
[Site "Sozina SCG"]
[Date "2004.02.24"]
[Round "7"]
[White "Bujisic,V"]
[Black "Bojkovic,N"]
[Result "0-1"]
[WhiteElo "2288"]
[BlackElo "2391"]

1.e4 c5 2.c3 Nf6 3.e5 Nd5 4.d4 cxd4 5.Nf3 e6 6.cxd4 d6 7.Nc3 Nxc3 8.bxc3 Qc7
9.Qb3 Nd7 10.exd6 Bxd6 11.Be2 O-O 12.O-O b6 13.c4 Bb7 14.h3 Rac8 15.Nd2 e5
16.d5 Nc5 17.Qb4 f5 18.a4 e4 19.a5 Rce8 20.axb6 axb6 21.f3 Be5 22.Ra3 Bd6
23.Ra1 exf3 24.Bxf3 Qe7 25.Rd1 Nd3  0-1

[Event "5th Montenegro Open"]
[Site "Sozina SCG"]
[Date "2004.02.25"]
[Round "8"]
[White "Kalezic,B"]
[Black "Kovacevic,A"]
[Result "1/2-1/2"]
[WhiteElo "2442"]
[BlackElo "2541"]

1.e4 c5 2.c3 Nf6 3.e5 Nd5 4.d4 cxd4 5.Nf3 e6 6.cxd4 d6 7.Bc4 Nb6 8.Bb3 dxe5
9.Nxe5 Nc6 10.Nf3 Be7 11.O-O O-O 12.Be3 Nd5 13.Nc3 Nxc3 14.bxc3 b6 15.d5 exd5
16.Bxd5 Bb7 17.Ne5 Nxe5 18.Bxb7 Rb8 19.Bd5 Qc7 20.Bd4 Bf6 21.Rc1 Rbd8 22.c4 Nd7
23.Be3 Be5 24.g3 Nf6 25.Bg5 Rd7 26.Bxf6 Bxf6  1/2-1/2

[Event "5th Montenegro Open"]
[Site "Sozina SCG"]
[Date "2004.02.25"]
[Round "8"]
[White "Savic,Miod1"]
[Black "Manolache,M"]
[Result "1-0"]
[WhiteElo "2522"]
[BlackElo "2456"]

1.e4 c5 2.c3 Nf6 3.e5 Nd5 4.Nf3 e6 5.g3 Nc6 6.Bg2 Qc7 7.Qe2 d6 8.exd6 Bxd6
9.Na3 a6 10.Nc4 O-O 11.O-O Rd8 12.a4 Bf8 13.d3 Bd7 14.a5 Be8 15.Ne1 Nce7
16.Nc2 Bc6 17.Rd1 Rac8 18.Ne5 Re8 19.Re1 Nf6 20.Bh3 Ng6 21.Nxc6 Qxc6 22.Bg2 Qc7
23.h4 h6 24.Na3 Ne7 25.Bf4 Qd7 26.Nc4 Ned5 27.Be5 Qb5 28.g4 Nd7 29.Bg3 Be7
30.Qf3 Qc6 31.Ra3 Rf8 32.Qe2 Rce8 33.Rb3 Bd8 34.Nd6 Bxh4 35.Nxe8 Bxg3 36.fxg3 c4
37.dxc4 Qc5+ 38.Kh1  1-0

[Event "VII Malaga Open"]
[Site "Campillos ESP"]
[Date "2004.02.26"]
[Round "7"]
[White "Khamrakulov,I"]
[Black "Ivanov,J"]
[Result "1-0"]
[WhiteElo "2452"]
[BlackElo "2406"]

1.e4 c5 2.c3 Nf6 3.e5 Nd5 4.Nf3 Nc6 5.Bc4 Nb6 6.Bb3 c4 7.Bc2 Qc7 8.Qe2 g5
9.e6 dxe6 10.Nxg5 Qe5 11.Nf3 Qxe2+ 12.Kxe2 e5 13.b3 f5 14.Nh4 e4 15.Na3 Bg7
16.g4 Nb4 17.Nxf5 Bxf5 18.gxf5 Nd3 19.Nxc4 Nxc4 20.bxc4 O-O-O 21.Bxd3 exd3+
22.Kd1 Rhf8 23.Ba3 Rd7 24.Bc5 b6 25.Be3 Rxf5 26.Rb1 Ra5 27.Rg1 Bf6 28.Rg8+ Kc7
29.Rb2 Kd6 30.Ke1 h5 31.Kf1 Rc7 32.Rd8+ Rd7 33.Rxd7+ Kxd7 34.Rb5 Rxa2 35.Rxh5 Ra4
36.c5 Ra5 37.Rd5+ Kc6 38.Rxd3 bxc5 39.Rd8 Kc7 40.Rd5 Kc6 41.Rf5 Rb5 42.Ke2 a6
43.c4 Ra5 44.Kf3 Kd6 45.Ke4 Ra2 46.Rd5+ Ke6 47.Rxc5 a5 48.Rc6+ Kf7 49.Ra6 a4
50.d4 a3 51.c5  1-0

[Event "ch-BRA"]
[Site "Rio de Janeiro BRA"]
[Date "2004.02.29"]
[Round "5"]
[White "Guimaraes,W"]
[Black "Bil,A"]
[Result "1/2-1/2"]
[WhiteElo "2237"]
[BlackElo "2075"]

1.e4 c5 2.c3 Nf6 3.e5 Nd5 4.d4 cxd4 5.Nf3 e6 6.cxd4 Nc6 7.Nc3 Nxc3 8.bxc3 d6
9.exd6 Bxd6 10.Bd3 Be7 11.O-O O-O 12.Qe2 Bf6 13.Rd1 Qa5 14.Rb1 a6 15.Rb3 Qh5
16.Re1 b5 17.Qe4 Bb7 18.Qf4 Ne7 19.Ne5 Nd5 20.Qd2 Rad8 21.Be2 Qh6 22.Qxh6 gxh6
23.Bxh6 Bg7 24.Bxg7 Kxg7 25.a4 Nf4 26.axb5 Bxg2 27.Nd3 Bd5 28.Nxf4 Bxb3 29.Rb1 Bc2
30.Rb2 Be4 31.f3 Ba8 32.b6 Bb7 33.Nd3 Rd6 34.Nc5 Rb8 35.c4 Bxf3 36.Bxf3 Rbxb6
37.Rd2 Rb1+ 38.Kf2 a5 39.Ne4 Rdb6 40.c5 R6b2 41.Ke3 Kf8 42.c6 Ke7 43.Nc5 Kd6
44.Rd3 Rxh2 45.d5 Re1+ 46.Kf4 exd5 47.Rxd5+ Kc7 48.Rd7+ Kc8 49.Rxf7 Rf2  1/2-1/2

[Event "ch-TUR w"]
[Site "Kusadasi TUR"]
[Date "2004.03.07"]
[Round "9"]
[White "Bayrak,A"]
[Black "Topel,Z"]
[Result "0-1"]
[WhiteElo "1898"]
[BlackElo "2056"]

1.e4 c5 2.c3 Nf6 3.e5 Nd5 4.d4 cxd4 5.Qxd4 e6 6.Bc4 Nc6 7.Qe4 Nb6 8.Bd3 d5
9.Qe2 Qc7 10.Nf3 Nb4 11.Bb5+ Bd7 12.Na3 Nc6 13.Nc2 Be7 14.Bd3 O-O 15.O-O f6
16.exf6 Bxf6 17.Ng5 Bxg5 18.Bxg5 e5 19.Na3 e4 20.Bc2 Qe5 21.Bh4 Rf7 22.Bg3 Qg5
23.Bd1 Raf8 24.Qh5 Qe7 25.Bb3 Rf5 26.Qe2 h5 27.Nb5 Nc8 28.Nd4 Nxd4 29.cxd4 a6
30.Be5 Qf7 31.a4 Ne7 32.Rac1 Nc6 33.f4 Be6 34.Qe1 Qe7 35.Qg3 Kh7 36.Qe3 Qd8
37.Qg3 R8f7 38.Qe3 Qb6 39.Rxc6 bxc6 40.Qc3 Rb7 41.Bd1 Qxb2 42.Qe3 Bd7 43.h3 c5
44.dxc5 Qb4 45.Bc3 Qc4 46.Be2 Qxa4 47.Ra1 Qc2 48.Qd4 Bb5 49.Bxb5 axb5 50.Rf1 Qd3
51.c6 Qxd4+ 52.Bxd4 Rc7 53.Rc1 Rc8 54.Be5 Rf7 55.g3 Ra7 56.c7 b4 57.Rb1 Rb7
58.Kf2 Kg8 59.Ke3 Kf7 60.Kd4 Rb5 61.g4 hxg4 62.hxg4 Ke6 63.f5+ Kd7 64.Rb3 Ra8
65.Ke3 Ra3 66.Rxa3 bxa3 67.Bxg7 a2 68.Be5 Rb1 69.f6 a1=Q 70.Bxa1 Rxa1 71.Ke2 Rc1
72.g5 Ke6  0-1

[Event "FSIM March"]
[Site "Budapest HUN"]
[Date "2004.03.10"]
[Round "5"]
[White "Stadt,H"]
[Black "Kahn,E"]
[Result "0-1"]
[WhiteElo "2065"]
[BlackElo "2292"]

1.e4 c5 2.c3 Nf6 3.e5 Nd5 4.Nf3 e6 5.Be2 Nf4 6.Bf1 Nc6 7.d4 Ng6 8.h4 cxd4
9.cxd4 Bb4+ 10.Nc3 O-O 11.Bd3 f5 12.Bd2 d5 13.a3 Ba5 14.h5 Nge7 15.h6 g6
16.Bg5 Bd7 17.b4 Bb6 18.Ne2 a6 19.Qd2 Qe8 20.Bf6 Nc8 21.Qg5 Bd8 22.Bxd8 Qxd8
23.Qf4 N6a7 24.Qg3 Kh8 25.Nf4 Ne7 26.Rd1 Rc8 27.Qh4 Rc3 28.Ng5 Nec6 29.Ngxe6 Bxe6
30.Nxe6 Qxh4 31.Rxh4 Rc8 32.Rh3 Rxa3 33.Bxf5 Rxh3 34.Bxh3 Nxb4 35.Nc5 Rc7
36.Ne6 Rc4 37.Nf4 Nac6 38.Ne2 a5 39.Be6 a4 40.Rb1 a3 41.Bxd5 Nxd5 42.Rxb7 a2  0-1

[Event "FSIM March"]
[Site "Budapest HUN"]
[Date "2004.03.12"]
[Round "7"]
[White "Stadt,H"]
[Black "Zigangirova,S"]
[Result "0-1"]
[WhiteElo "2065"]
[BlackElo "2205"]

1.e4 c5 2.c3 Nf6 3.e5 Nd5 4.Bc4 Nb6 5.Bb3 c4 6.Bc2 Nc6 7.Nf3 g5 8.Qe2 Bg7
9.Nxg5 Nxe5 10.Nf3 Qc7 11.Nxe5 Qxe5 12.Qxe5 Bxe5 13.d4 cxd3 14.Bxd3 d5 15.Nd2 Bd7
16.Nf3 Bf6 17.Bf4 Na4 18.O-O-O Nc5 19.Be2 e6 20.Be5 Ke7 21.Kb1 Ne4 22.Rhf1 h5
23.Rd3 Rh6  0-1

[Event "TCh-FIN 2003-4"]
[Site "Finland FIN"]
[Date "2004.03.14"]
[Round "9"]
[White "Molander,R"]
[Black "Lampen,T"]
[Result "1-0"]
[WhiteElo "2324"]
[BlackElo "2328"]

1.e4 c5 2.c3 Nf6 3.e5 Nd5 4.d4 cxd4 5.Nf3 Nc6 6.cxd4 d6 7.Bd2 dxe5 8.Nxe5 Nxe5
9.dxe5 Bd7 10.Nc3 Bc6 11.e6 fxe6 12.Qh5+ g6 13.Qe5 Nf6 14.Qxe6 Qd7 15.Qxd7+ Nxd7
16.Nb5 Kd8 17.Bc3 e5 18.O-O-O Bh6+ 19.Kb1 Re8 20.f3 Bf8 21.Nd6 Re6 22.Ne4 Kc7
23.Bc4 Ree8 24.Rhe1 Be7 25.Re2 a5 26.Be1 Nb6 27.Bf7 Rf8 28.Be6 Rfe8 29.Bg3 Bxe4+
30.fxe4 Bc5 31.Rc2 Kc6 32.Bf2 Na4 33.Bd7+  1-0

[Event "21st Open"]
[Site "Reykjavik ISL"]
[Date "2004.03.16"]
[Round "9"]
[White "Arngrimsson,D"]
[Black "Thorhallsson,T"]
[Result "1-0"]
[WhiteElo "2239"]
[BlackElo "2459"]

1.e4 c5 2.c3 Nf6 3.e5 Nd5 4.d4 cxd4 5.Nf3 e6 6.cxd4 d6 7.Bc4 Nc6 8.a3 Be7
9.O-O O-O 10.Bd3 Qb6 11.Nc3 Nxc3 12.bxc3 dxe5 13.dxe5 Qc5 14.Re1 Rd8 15.Bxh7+ Kf8
16.Qc2 b6 17.Be4 Bb7 18.Be3 Qc4 19.Bxc6 Bxc6 20.Qh7 f6 21.Nh4 Be8 22.Bd4 f5
23.Nxf5 exf5 24.e6 Bf6 25.Bxf6  1-0

[Event "TCh-AUT 2003-4"]
[Site "Jenbach AUT"]
[Date "2004.03.19"]
[Round "9"]
[White "Rabiega,R"]
[Black "Babula,V"]
[Result "1/2-1/2"]
[WhiteElo "2527"]
[BlackElo "2594"]

1.e4 c5 2.c3 Nf6 3.e5 Nd5 4.Nf3 e6 5.Bc4 d6 6.O-O dxe5 7.Nxe5 Bd6 8.d4 O-O
9.Nd2 Qc7 10.Ne4 Be7 11.Bb3 cxd4 12.cxd4 Nd7 13.Bxd5 exd5 14.Nc3 Nf6 15.Qb3 Be6
16.Bf4 Rfc8  1/2-1/2

[Event "TCh-CZE Extraliga 2003-4"]
[Site "Czech Rep CZE"]
[Date "2004.03.21"]
[Round "9"]
[White "Buchnicek,P"]
[Black "Maksimenko,A"]
[Result "1/2-1/2"]
[WhiteElo "2334"]
[BlackElo "2541"]

1.e4 c5 2.c3 Nf6 3.e5 Nd5 4.d4 cxd4 5.cxd4 d6 6.Nf3 e6 7.Nc3 Nxc3 8.bxc3 Qc7
9.Bd2 Nd7 10.exd6 Bxd6 11.Bd3 b6 12.O-O Bb7 13.h3 O-O 14.Re1 Rfe8 15.Ng5 h6
16.Nf3 e5 17.dxe5 Nxe5 18.Nxe5 Bxe5 19.Re3 Bf4 20.Rxe8+ Rxe8 21.Qa4 Bh2+
22.Kh1 Rd8 23.Qc2 Be5 24.Rd1 Qd7 25.Bf5 Qd5 26.f3 Qc4 27.Bf4 Rxd1+ 28.Qxd1 Bf6
29.Be5 Bc8 30.Be4 Be6 31.Qd6 Qc8 32.Bxf6 gxf6 33.Qg3+  1/2-1/2

[Event "14th Asian Cities"]
[Site "Tagaytay City PHI"]
[Date "2004.03.24"]
[Round "6"]
[White "Fariz,S"]
[Black "Rippis,T"]
[Result "1/2-1/2"]
[WhiteElo "2043"]
[BlackElo "2083"]

1.e4 c5 2.c3 Nf6 3.e5 Nd5 4.d4 cxd4 5.Nf3 Nc6 6.Bc4 Nb6 7.Bb3 d6 8.cxd4 dxe5
9.d5 Na5 10.Nc3 Nxb3 11.Qxb3 e6 12.dxe6 Bxe6 13.Qb5+ Qd7 14.Qxe5 f6 15.Qe4 Be7
16.O-O Bf5 17.Qe3 O-O 18.Rd1 Qc7 19.Nb5 Qc5 20.Qb3+ Qc4 21.Be3 Qxb3 22.axb3 Bc2
23.Rdc1 Bxb3 24.Rc7 Nd5 25.Rxb7 a6 26.Nbd4 Bc4 27.Nd2 Bd3 28.Nc6 Rfe8 29.Rd7 Bb5
30.Rc1 Nxe3 31.fxe3 Kf8 32.Rxe7 Rxe7 33.Nxe7 Kxe7  1/2-1/2

[Event "14th Asian Cities"]
[Site "Tagaytay City PHI"]
[Date "2004.03.25"]
[Round "7"]
[White "Handoko,E"]
[Black "Liang Jinrong"]
[Result "1-0"]
[WhiteElo "2405"]
[BlackElo "2489"]

1.e4 c5 2.c3 Nf6 3.e5 Nd5 4.d4 cxd4 5.Nf3 Nc6 6.Bc4 Nb6 7.Bb3 d5 8.exd6 Qxd6
9.O-O Be6 10.Bxe6 Qxe6 11.Nxd4 Qd7 12.Nxc6 Qxc6 13.Nd2 Rd8 14.Qf3 Rd5 15.c4 Rd7
16.b3 f6 17.Ne4 e5 18.Be3 Be7 19.Rad1 O-O 20.Bxb6 Rxd1 21.Rxd1 axb6 22.Rd5 f5
23.Ng3 Qe6 24.Ne2 Bc5 25.Qc3 Re8 26.Qd2 Qf6 27.b4 Bf8 28.a3 Qc6 29.Qc3 Qe6
30.h3 g6 31.Qd2 Qc6 32.Rd7 Re7 33.Rd8 Qxc4 34.Nc3 Rf7 35.Nd5 Kg7 36.Qe3 Qd4
37.Qc1 Be7 38.Nc7 Qxd8 39.Ne6+ Kf6 40.Nxd8 Bxd8 41.Qc8 Bc7 42.Qxb7 e4 43.Qc6+ Kg7
44.Kf1 Re7 45.Ke2 f4 46.a4 e3 47.fxe3 fxe3 48.h4 h5 49.b5 Kf7 50.a5 bxa5
51.b6 Bb8 52.Qd5+ Kf6 53.Qd8 Bg3 54.Qd5 Kg7 55.Qxa5 Bf4 56.Qb4 Rf7 57.Qe4 Rf8
58.b7 Bb8 59.Qd4+ Kg8 60.Qxe3 Kg7 61.Qd4+ Kg8 62.Kd3 Kf7 63.Qd7+ Kg8 64.Ke4 Rf4+
65.Kd5 Rf8 66.Ke6 Bf4 67.g3 Bb8 68.Qe7 Ba7 69.Qc7 Bb8 70.Qd7 Ba7 71.Qc8 Kg7
72.Qc3+ Kg8 73.Qc2 Kh7 74.g4 hxg4 75.h5 Rg8 76.hxg6+ Kh6 77.Kf7 Rg7+ 78.Kf6 Bd4+
79.Kf5 Rxb7 80.Qh2+  1-0

[Event "IV Open"]
[Site "Dos Hermanas ESP"]
[Date "2004.04.01"]
[Round "8"]
[White "Khamrakulov,I"]
[Black "Razmyslov,A"]
[Result "1-0"]
[WhiteElo "2452"]
[BlackElo "2337"]

1.e4 c5 2.c3 Nf6 3.e5 Nd5 4.Nf3 Nc6 5.d4 cxd4 6.cxd4 d6 7.exd6 e6 8.Bd3 Bxd6
9.O-O O-O 10.Nc3 Nf4 11.Be4 Qa5 12.g3 Ng6 13.Ng5 Be7 14.h4 Rd8 15.d5 Nce5
16.h5 Nf8 17.Qb3 h6 18.Nf3 Ng4 19.dxe6 Bxe6 20.Qxb7 Bb4 21.Bf4 Rac8 22.Rac1 Nf6
23.Bc6 Nxh5 24.Be5 Ng6 25.a3 Bf8 26.Rfe1 Ne7 27.b4 Qxa3 28.Ra1 Qxa1 29.Rxa1 Nxc6
30.Bc7 Bd6 31.Bxd8 Nxd8 32.Qb5 Nf6 33.Rd1 Be7 34.Ne4 Bg4 35.Nxf6+ Bxf6 36.Qe8+ Kh7
37.Qe4+  1-0

[Event "Asian U18b"]
[Site "Tehran IRI"]
[Date "2004.04.05"]
[Round "3"]
[White "Mankeyev,Raua"]
[Black "Nikhilesh,K"]
[Result "1/2-1/2"]
[WhiteElo "2262"]
[BlackElo "2254"]

1.e4 c5 2.c3 Nf6 3.e5 Nd5 4.d4 cxd4 5.Nf3 d6 6.Bc4 Nb6 7.Bb3 d5 8.Nxd4 Nc6
9.f4 Nxd4 10.Qxd4 Bf5 11.Be3 e6 12.O-O Be7 13.Nd2 Kf8 14.Nf3 h5 15.Qd2 Nd7
16.Nd4 g6 17.Nxf5 gxf5 18.Rfd1 Bc5 19.Bd4 Bxd4+ 20.cxd4 Kg7 21.Rac1 Nb6 22.Rc3 h4
23.Rdc1 Rc8 24.Rxc8 Nxc8 25.Rc5 Nb6 26.Qc2 Qb8 27.a4 Rc8 28.a5 Rxc5 29.dxc5 Nc8
30.Ba4 Qc7 31.b4 Ne7 32.Qf2 Ng6 33.Qd4 a6 34.Kf2 Ne7 35.Ke2 Nc6 36.Qb2 Kg6
37.Kd3 f6 38.Bxc6 Qxc6 39.exf6 Qb5+ 40.Ke3 Qc4  1/2-1/2

[Event "50th Mexican Open Ch"]
[Site "Leon MEX"]
[Date "2004.04.07"]
[Round "2"]
[White "Falcon Perez,G"]
[Black "Gonzalez,JC"]
[Result "0-1"]
[WhiteElo "2195"]
[BlackElo "2517"]

1.e4 c5 2.c3 Nf6 3.e5 Nd5 4.d4 cxd4 5.cxd4 Nc6 6.Nc3 Nxc3 7.bxc3 d6 8.f4 e6
9.Nf3 Be7 10.Bd3 h6 11.Qe2 d5 12.O-O Qc7 13.c4 dxc4 14.Bxc4 Bd7 15.d5 exd5
16.Bxd5 Bc5+ 17.Kh1 O-O 18.Bb2 Ne7 19.Bb3 Be6 20.Bxe6 fxe6 21.Qc4 Nd5 22.Rac1 Rac8
23.Nd4 Qb6 24.Rb1 Bxd4 25.Qxd4 Qxd4 26.Bxd4 b6 27.g3 Rc4 28.Rfd1 Rfc8 29.Rd2 Kf7
30.Kg2 g5 31.fxg5 hxg5 32.Kf3 Kg6 33.h3 Rh8 34.Kg2 Rd8 35.Kf3 Nc3 36.Rc1 Ne4
37.Kxe4 Rxc1 38.Rf2 Rc4 39.Rd2  0-1

[Event "Open ch-NOR"]
[Site "Oslo NOR"]
[Date "2004.04.07"]
[Round "5"]
[White "Myhrvold,R"]
[Black "Brasoy,A"]
[Result "1/2-1/2"]
[WhiteElo "2192"]
[BlackElo "1994"]

1.e4 c5 2.c3 Nf6 3.e5 Nd5 4.d4 cxd4 5.cxd4 Nc6 6.Nf3 d6 7.Bc4 Nb6 8.Bb3 dxe5
9.d5 Na5 10.Nc3 f6 11.Be3 Nxb3 12.Qxb3 Bd7 13.O-O Rc8 14.Nd2 g6 15.a4 Rc7
16.Rae1 Rxc3 17.bxc3 Bxa4 18.Qa2 Qxd5 19.c4 Qd7 20.f4 Bh6 21.fxe5 Bxe3+ 22.Rxe3 Qd4
23.Re1 f5 24.Kh1 O-O 25.e6 Bc6 26.Nf3  1/2-1/2

[Event "Open ch-NOR"]
[Site "Oslo NOR"]
[Date "2004.04.10"]
[Round "8"]
[White "Hersvik,A"]
[Black "Kolas,T"]
[Result "0-1"]
[WhiteElo "2007"]
[BlackElo "2171"]

1.e4 c5 2.c3 Nf6 3.e5 Nd5 4.d4 cxd4 5.Nf3 e6 6.cxd4 d6 7.Nc3 Nxc3 8.bxc3 Qc7
9.Bd2 Nd7 10.exd6 Bxd6 11.Bd3 O-O 12.O-O b6 13.Re1 Bb7 14.h3 Bf4 15.Be3 Rfc8
16.Rc1 Bxe3 17.Rxe3 Qf4 18.Bb1 Rc7 19.Qd3 g6 20.Rce1 Rac8 21.g3 Qh6 22.h4 Rxc3
23.Qxc3 Rxc3 24.Rxc3 Bxf3 25.Rxf3 Qd2 26.Rf1 Qxd4 27.Rd3 Qa4 28.Rc1 Ne5 29.Re3 Qd4
30.Be4 Ng4 31.Re2 h5 32.Bg2 Ne5 33.Rce1 Nd7 34.Re4 Qd2 35.R4e2 Qd6 36.Bh3 Nc5
37.Bg2 Kg7 38.Re3 Qd2 39.R3e2 Qd4 40.Re3 Qd2 41.R3e2 Qd4 42.Re3 f5 43.Kh2 f4
44.R3e2 e5 45.Rxe5 Qxf2 46.gxf4 Nd3 47.Re7+ Kh6 48.R1e2 Qxh4+ 49.Kg1 Nxf4
50.R2e4 Qg5 51.Rxf4 Qxe7 52.Kf1 g5 53.Rf2 g4 54.Re2 Qf6+ 55.Ke1 h4 56.Bd5 Qa1+  0-1